1956 októbere Makón

Elmentve itt :
Bibliográfiai részletek
Szerző: Siket Zoltán
Dokumentumtípus: Cikk
Megjelent: Belvedere Meridionale Szeged 1997
Sorozat:Belvedere Meridionale 9 No. 1-2
Kulcsszavak:Makó története - 1956
Tárgyszavak:
Online Access:http://acta.bibl.u-szeged.hu/4545
LEADER 00687nab a2200193 i 4500
001 acta4545
005 20250806133659.0
008 161015s1997 hu o 000 hun d
040 |a SZTE Egyetemi Kiadványok Repozitórium  |b hun 
041 |a hun 
100 1 |a Siket Zoltán 
245 1 0 |a 1956 októbere Makón  |h [elektronikus dokumentum] /  |c  Siket Zoltán 
260 |a Belvedere Meridionale  |b Szeged  |c 1997 
300 |a 64-67 
490 0 |a Belvedere Meridionale  |v 9 No. 1-2 
650 4 |a Bölcsészettudományok 
650 4 |a Történettudomány és régészet 
695 |a Makó története - 1956 
856 4 0 |u http://acta.bibl.u-szeged.hu/4545/1/belvedere_1997_001_002_064-067.pdf  |z Dokumentum-elérés